General WWE Quiz - Statistics

General Stats
  • This quiz has been taken 608 times
  • The average score is 9 of 20
Answer Stats
Hint Answer % Correct
Which one of these was not in the orginal Nexus. Wade Barret, Husky Harris, Daniel Bryan and The Miz? The Miz
82%
Who was the first person to unsuccessfully turn in the money in the bank briefcase? John Cena
76%
Which WWE superstar finished the career of 'The Nature Boy' Ric Flair? Shawn Michaels
74%
What is Matt Hardy's finisher? Twist Of Fate
73%
What was the name of the group that Batista, Rany Orton, Ric Flair and Triple H belonged to? Evolution
70%
Who holds the record for the most eliminations in a Royal Rumble match? Roman Reigns
69%
How many World Heavy Championships has Edge won? 7
67%
Husky Harris returned to WWE as which superstar? Bray Wyatt
67%
Who is known as 'The Enigma'? Jeff Hardy
61%
Who became the first superstar to hold the WWE World Heavyweight Championship? Randy Orton
60%
Which WWE Superstar created the Internet Championship? Zack Ryder
48%
Who is the youngest winner of a Royal Rumble? Brock Lesnar
47%
Which WWE Superstar hit Jeff Hardy which led to him losing the WWE Championship? Matt Hardy
36%
Which superstar had the finisher 'Dominator'? Bobby Lashley
30%
What is Jinder Mahal Finisher? Camel Clutch
22%
Who is the smallest superstar to appear in a Royal Rumble? El Torito
21%
Which Ex WWE superstar used to imitate the finishers of other superstars? Eugene
16%
Which two WWE superstars both held a WWE Championship at the same time? CM Punk John Cena
14%
Which two WWE Superstars teamed together to conquer Nexus? John Cena Randy Orton
6%
What was the name of the impersonater of CM Punk in 2013? CM Skunk
5%
No matching quizzes found
Score Distribution
Percent of People with Each Score
Percentile by Number Answered
Your Score History
You have not taken this quiz